000 00936nam a2200277 a 4500
001 76195
003 BD-RjUL
005 20211209082815.0
008 191111s1967 njua b 000 0 eng
035 _a(BD-RjUL)76416
040 _aDLC
_cDLC
_dDLC
_dBD-RjUL
_beng
041 _aeng
082 0 0 _223
_a660.2
_bHIB 1967
100 1 _aHimmelblau, David Mautner,
_d1923-
_9162231
245 1 0 _aBasic principles and calculations in chemical engineering /
_c[by] David M. Himmelblau.
250 _a2d ed.
260 _aEnglewood Cliffs, N.J. :
_bPrentice-Hall,
_c1967
300 _aix, 483 p.:
_billus.;
_c24 cm.
490 0 _aPrentice-Hall international series in the physical and chemical engineering sciences
500 _aPart of illustrative matter in pocket.
504 _aBibliographical footnotes.
650 0 _aChemical engineering
_xTables.
_9234721
942 _2ddc
_cBK
999 _c76195
_d76195